Zona inundable / (Record no. 136997)

MARC details
000 -CABECERA
campo de control de longitud fija 01488nam a2200325 i 4500
001 - NÚMERO DE CONTROL
campo de control 991061007762706706
003 - IDENTIFICADOR DEL NÚMERO DE CONTROL
campo de control ES-BaIT
005 - FECHA Y HORA DE LA ÚLTIMA TRANSACCIÓN
campo de control 20260203095342.0
008 - DATOS DE LONGITUD FIJA--INFORMACIÓN GENERAL
campo de control de longitud fija 230707s2022 sp |||| |||| 0|0 d cat|c
017 ## - NÚMERO DE COPYRIGHT O DE DEPÓSITO LEGAL
Número de copyright o de depósito legal DL PM 443-2022
Agencia que asigna Oficina DL Palma
020 ## - NÚMERO INTERNACIONAL ESTÁNDAR DEL LIBRO
Número Internacional Estándar del Libro 9788412429862
040 ## - FUENTE DE LA CATALOGACIÓN
Centro catalogador/agencia de origen ES-BaBAB
Lengua de catalogación cat
Normas de descripción rda
Centro/agencia transcriptor ES-BaBAB
080 ## - NÚMERO DE LA CLASIFICACIÓN DECIMAL UNIVERSAL
Número de la Clasificación Decimal Universal 849.9-2"19"
100 ## - ENTRADA PRINCIPAL--NOMBRE DE PERSONA
Nombre de persona Barceló, Marta
Término indicativo de función/relación autor
9 (RLIN) 146531
245 10 - MENCIÓN DE TÍTULO
Título Zona inundable /
Mención de responsabilidad, etc. Marta Barceló
264 #1 - PRODUCCIÓN, PUBLICACIÓN, DISTRIBUCIÓN, FABRICACIÓN Y COPYRIGHT
Producción, publicación, distribución, fabricación y copyright Calonge (Mallorca) :
Nombre del de productor, editor, distribuidor, fabricante AdiA Edicions,
Fecha de producción, publicación, distribución, fabricación o copyright 2022
300 ## - DESCRIPCIÓN FÍSICA
Extensión 88 pàgines ;
Dimensiones 20 cm
336 ## - TIPO DE CONTENIDO
Término de tipo de contenido text
Código de tipo de contenido txt
Fuente rdacontent
337 ## - TIPO DE MEDIO
Nombre/término del tipo de medio sense mediació
Código del tipo de medio n
Fuente rdamedia
338 ## - TIPO DE SOPORTE
Nombre/término del tipo de soporte volum
Código del tipo de soporte nc
Fuente rdacarrier
490 1# - MENCIÓN DE SERIE
Mención de serie Col·lecció Jássera ;
Designación de volumen o secuencia 2
500 ## - NOTA GENERAL
Nota general P6: D3, H3
520 ## - SUMARIO, ETC.
Sumario, etc. "Sant Llis, octubre del 2018. Després de quatre hores de pluja intensa, un torrent es desborda, inunda un petit poble de Mallorca i causa onze morts, diversos ferits i molts danys materials.Ben aviat es desencadena una onada de reaccions: una explosió de solidaritat sense precedents i una cobertura mediàtica que cada vegada planteja més dubtes. Es podria haver evitat la tragèdia? Varen funcionar els protocols d’emergència? Per què es continua edificant als llindars dels torrents?" -- Contracoberta
586 ## - NOTA DE PREMIOS
Nota de premios I Premi de Teatre Vila de Santanyí
650 #0 - PUNTO DE ACCESO ADICIONAL DE MATERIA--TÉRMINO DE MATERIA
Término de materia o nombre geográfico como elemento de entrada Inundacions
Subdivisión general Danys
Subdivisión de forma Textos dramàtics
9 (RLIN) 168295
830 ## - PUNTO DE ACCESO ADICIONAL DE SERIE-TÍTULO UNIFORME
Título uniforme Col·lecció Jàssera
Designación de volumen o secuencia 2
9 (RLIN) 168250
908 ## - COLOCAR PARÁMETRO DE COMANDO (RLIN)
Colocar parámetro de comando BAB
-- CDMAE
940 ## - EQUIVALENCIA O REFERENCIA-CRUZADA--TÍTULO UNIFORME [OBSOLETO] [solamente CAN/MARC]
Título uniforme <a href="BAB">BAB</a>
942 ## - ELEMENTOS DE ENTRADA AGREGADA (KOHA)
Fuente del sistema de clasificación o colocación Clasificación decimal universal
Tipo de ítem Koha Llibre
Holdings
Estado de retiro Estado de pérdida Fuente del sistema de clasificación o colocación Estado dañado No para préstamo Localización permanente Ubicación/localización actual Ubicación en estantería Fecha de adquisición Fuente de adquisición Total de préstamos Signatura topográfica completa Código de barras Fecha visto por última vez Precio válido a partir de Tipo de ítem Koha
    Clasificación decimal universal     Biblioteca Barcelona Biblioteca Barcelona BCN Lliure Accés 03/02/2026 Compra   849 BARCE zon 1900089695 03/02/2026 03/02/2026 Llibre

Powered by Koha